Taylor Swift - Lover - Statistics

General Stats
  • This quiz has been taken 35 times
  • The average score is 13 of 19
Answer Stats
2019 Lover % Correct
3 Lover
100%
2 Cruel Summer
79%
18 Daylight
79%
1 I Forgot That You Existed
79%
7 Miss Americana & The Heartbreak Prince
79%
4 The Man
79%
14 You Need To Calm Down
79%
9 Cornelia Street
76%
5 The Archer
76%
15 Afterglow
72%
13 False God
72%
11 London Boy
72%
6 I Think He Knows
66%
17 It's Nice To Have A Friend
66%
8 Paper Rings
66%
10 Death By A Thousand Cuts
62%
12 Soon You'll Get Better (feat. The Chicks)
52%
19 All Of The Girls You Loved Before
41%
16 ME! (feat. Brendon Urie of Panic! At The Disco)
34%
No matching quizzes found
Score Distribution
Percent of People with Each Score
Percentile by Number Answered
Your Score History
You have not taken this quiz